00491nam a2200145Ia 4500008004100000020001800041082001600059100003600075245011900111250000600230260003100236300001000267650002800277700004000305120629s9999 xx 000 0 und d a968-18-5867-0 a330.9 A978g aAyllón Torres, María Teresa aGeografía económica : para las escuelas preparatorias / María Teresa Ayllón Torres, José Chávez Flores a9 aMéxico : Limusa, Noriega a268 p a1.GEOGRAFÍA ECONOMICA aChávez Flores, José ; coaut.Ì